Religion Quiz

Random Religion or Blitz Quiz

Books of the Torah Blitz Quiz Stats

 Plays Quiz Updated Sep 27, 2016

Challenge
Share
Tweet
Embed
Score 0/5 Timer 00:30
3 Plays Today
% Correct
B'reshit
96.8%
Sh'mot
93.9%
Bemidbar
87.7%
Vayyikra
86.6%
D'varim
83%

You're not logged in!

Compare scores with friends on all Sporcle quizzes.
OR
Log In

You Might Also Like...

Show Comments

Extras

Top Quizzes Today


Score Distribution

Your Account Isn't Verified!

In order to create a playlist on Sporcle, you need to verify the email address you used during registration. Go to your Sporcle Settings to finish the process.

Report this User

Report this user for behavior that violates our Community Guidelines.

Details: